| 000 | 00795nam a2200277 i 4500 | ||
|---|---|---|---|
| 001 | bg | ||
| 100 | 1 | _aVAUGHAN-REES, Michael | |
| 245 | 1 | 0 |
_aTest your pronunciation / _cMichael Vaughan-Rees. |
| 250 | _a6th impr. | ||
| 260 |
_aHarlow : _bPearson Education, _c2006. |
||
| 300 |
_a90 s. : _brys. ; _c21 cm + _e1 dysk optyczny (CD ROM). |
||
| 490 | 1 | _aTest Your | |
| 650 | 9 |
_aJęzyk angielski _xfonetyka |
|
| 655 | _aĆwiczenia i zadania | ||
| 830 | _aTest Your | ||
| 020 | _a058246904X | ||
| 020 | _a9780582469044 | ||
| 040 | _cBPK | ||
| 041 | 0 | _aeng | |
| 080 | _a811.111'34(07) | ||
| 920 | _a0-582-46904-X | ||
| 920 | _a978-0-582-46904-4 | ||
| 942 | _cKS | ||
| 008 | s pl f |000 0 pol | ||
| 999 |
_c52147 _d52147 |
||